The communications revolution /

Bibliographic Details
Main Author: Williams, Frederick, 1933-
Format: Book
Language:English
Published: Beverly Hills : Sage Publications, [1982]
Subjects:

MARC

Tag First Indicator Second Indicator Subfields
LEADER 00000pam a2200000 a 4500
001 in00000710751
005 20151016065156.0
008 811104s1982 caua b 00110 eng
010 |a  81018498  
020 |a 0803917821 
020 |a 080391783X (pbk.) 
035 |a (OCoLC)07975826 
035 |9 ADE0497AM 
039 0 |a 2  |b 3  |c 3  |d 3  |e 3 
040 |a DLC  |c DLC  |d TXA  |d UtOrBLW 
049 |a TXAM  |c [1443232] 
050 0 0 |a HE7631  |b  W54 1982 
082 0 |a 384  |2 19 
100 1 |a Williams, Frederick,  |d 1933- 
245 1 4 |a The communications revolution /  |c Frederick Williams. 
264 1 |a Beverly Hills :  |b Sage Publications,  |c [1982] 
264 4 |c ©1982 
300 |a 291 pages :  |b illustrations ;  |c 23 cm. 
336 |a text  |b txt  |2 rdacontent 
337 |a unmediated  |b n  |2 rdamedia 
338 |a volume  |b nc  |2 rdacarrier 
500 |a Includes index. 
504 |a Bibliography: pages 281-285. 
650 0 |a Telecommunication. 
999 |a MARS 
999 f f |s db94aa42-8362-3b9a-a84c-34a8dbd052f5  |i 42aa5bc7-cbbc-3b5a-b790-7c0361c17eb5  |t 0 
952 f f |p ric  |a Texas A&M University  |b Rellis Campus  |c Joint Library Facility  |s JLF  |d Remote Storage  |t 0  |e HE7631 W54 1982  |h Library of Congress classification  |i unmediated -- volume  |m A14805925692 
998 f f |a HE7631 W54 1982  |t 0  |l Remote Storage